LEADER 01131nam a2200229 4500 001 000000350915 003 CaOOAMICUS 005 20220715115428.0 008 220713s1879 it 000 u ita r 040 $aSeMil$bita 240 10$aBibbia. Nuovo Testamento.$0(OLS)http://semarc/title/436485 245 03$aIl Nuovo Testamento del Nostro Signore e Salvatore Gesù Cristo /$ctradotto in lingua italiana da Giovanni Diodati. 264 1$aLondra :$bSocietà Biblica Britannica e Forestiera,$c1879. 300 $a466 p. ;$c11 cm 650 4$aBibbia - NT - Traduzioni italiane.$0(OLS)http://semarc/subject/4756 650 4$aBibbia - Traduzione Diodati.$0(OLS)http://semarc/subject/29697 700 11$aDiodati, Giovanni,$d<1576-1649>.$0(OLS)http://semarc/name/4478 850 $aSeMil 852 $aSeMil$W1$xVenegono$y1$m2ZB IX 42 FA$j233571$B241963$CSeMilBibl$Z2$F241963 $8I 996 $6245$aIl Nuovo Testamento del Nostro Signore e Salvatore Gesù Cristo$9(OLS)http://semarc/title/331763 996 $6264$aLondra :$bSocietà Biblica Britannica e Forestiera$9(OLS)http://semarc/publisher/59703 LEADER 01098nam a2200265 i 4500 001 000000193462 003 CaOOAMICUS 005 20150707000000.0 008 150707s1948 it u000 u ita u 013 $a172104 040 $aSeMil$bita 100 1 $aBoson, Giustino.$0(OLS)http://semarc/name/22662 245 12$aI profeti d'Israele /$cGiustino Boson. 260 $aBrescia :$bLa Scuola,$c1948. 300 $a163 p. ;$c16 cm. 490 0 $aGli uomini e la civiltà. Ser. 13., Profili della storia 500 $aFondo card. Giovanni Colombo. 650 4$aBibbia. Antico Testamento. Profeti - Commentari, studi, critica, interpretazioni.$0(OLS)http://semarc/subject/9887 830 4$aGli uomini e la civiltà. Ser. 13., Profili della storia.$0(OLS)http://semarc/title/402020 850 $aSeMil 852 $aSeMil$W1$xVenegono$y1$m3GC I 415$j144036$B144036$CSeMilBibl$Z2$F155480 $8B 941 1 $a3 961 $aLascito: Colombo Card. Giovanni 996 $6245$aI profeti d'Israele$9(OLS)http://semarc/title/110108 996 $6260$aBrescia :$bLa Scuola$9(OLS)http://semarc/publisher/29831